000 00303nam a22001337a 4500
008 170418b xxu||||| |||| 00| 0 eng d
020 _a9780321595928
041 _aeng
080 _a579
100 _a11
101 _aSHM
245 _aGET READY FOR MICROBIOLOGY
_cGARRET.L.K
942 _2udc
_cBK
999 _c10964
_d10964